| 000 | 00642nam a2200205 i 4500 | ||
|---|---|---|---|
| 001 | 69038 | ||
| 003 | ES-MaACL | ||
| 005 | 20251013234011.0 | ||
| 007 | t| | ||
| 008 | 040902s1957 sp ||||1| spa d | ||
| 080 | _a22.09(084) | ||
| 130 | 0 | 0 |
_aBiblia _9119237 |
| 245 | 1 | 0 |
_aBiblia en imágenes / _cprólogo de ... Benjamín de Arriba y Castro. |
| 260 |
_aBarcelona : _bHerder, _c1957. |
||
| 300 |
_a328 p. ; _c26 cm. |
||
| 630 | 0 | 7 |
_aBiblia- _vLibros infantiles. _9119245 |
| 700 | 0 |
_aArriba y Castro, Benjamín de, _cCardenal, Arzobispo de Tarragona _923282 |
|
| 852 |
_aES-MaACL _jC-12812 _bR.41067 |
||
| 999 |
_c69038 _d69038 |
||